000 00496cam a2200205ua 4500
001 8698
005 20260515114352.0
008 150212n ii |||gr||||Z||||||eng
020 _a8178134829
040 _cMAIN
041 _aeng
082 _a413.1
100 _aAggarwal, B. N.,
_eAuthor.
245 1 _aComprehensive book of synonyms and antonyms
_cBy B. N. Aggarwal
250 _a1st.
260 _aNew Delhi:
_bSunrise,
_c2010.
300 _a672p.
653 _aDictionaries
942 _cBK
999 _c7790
_d7790